| 000 | 00522ntaaa2200205 4500 | ||
|---|---|---|---|
| 003 | 01 | ||
| 005 | 20251027202120.0 | ||
| 008 | 0714s1973 ag 01 | ||
| 040 |
_aAR-BaBN _bspa _cAR-BaBN _eaacr _dRIC |
||
| 082 | _a261.8000 Ed9 | ||
| 100 |
_aEdwards, George R _919640 |
||
| 245 | _aJesus and the politics of violence | ||
| 250 | _a1 ed. | ||
| 260 |
_aNew York : _bHarper and Row, _c1972 |
||
| 300 | _a186 p | ||
| 650 |
_ateologĂa social _92067 |
||
| 650 |
_aviolencia _94012 |
||
| 650 | _aiglesia-sociedad | ||
| 942 | _cBK | ||
| 999 |
_c16050 _d16050 |
||